00536cam a22001932 4500001001100000005001700011008004100028020001700069040001500086100003100101245005800132250001200190260003600202300001100238650002700249650002900276700003400305852000300339000002058020151217152217.0110923s xx 000 0 eng d a0393315274 : aKABUcKABU1 aLevy, Matthys.@000012619510aWhy the earth quakes /cMattys levy, Mario Salvadori. a1st ed. aNew York :bW.W. Norton,c1995. a215 p. 0aVolcanoes.@0000181110 0aEarthquakes.@00001811111 aSalvadori, Mario.@00001811121